00511nam a2200205Ia 4500008004100000020001800041050001400059100002000073245001700093245004500110245003600155260001500191260001600206260000900222300001500231300002700246300001000273440001400283500000800297170918s9999 xx 000 0 und d a9780439683883 bF954 2004 aFuerst, Jeffrey a763 m.p.h. : bdriving faster than the speed of sound / cby Jeff Fuerst and Debra Scott. aNew York : bScholastic, c2004 a24 pages : bcolored illustration ; c19cm. aRead 180. a410